PARKINSON'S DECEASES DIAGNOSIS AND CLINICAL MANAGEMENT (Record no. 14819)

MARC details
000 -LEADER
fixed length control field 00290nam a22001217a 4500
003 - CONTROL NUMBER IDENTIFIER
control field SGT
082 ## - DEWEY DECIMAL CLASSIFICATION NUMBER
Classification number 616.833
Item number P02F
100 ## - MAIN ENTRY--PERSONAL NAME
Personal name FECTOR, STEWART
245 ## - TITLE STATEMENT
Title PARKINSON'S DECEASES DIAGNOSIS AND CLINICAL MANAGEMENT
260 ## - PUBLICATION, DISTRIBUTION, ETC. (IMPRINT)
Place of publication, distribution, etc NEW YORK
Name of publisher, distributor, etc DEMOS
Year of Publication 2002
300 ## - PAGE DESCRIPTION
No. of Pages 685
942 ## - ADDED ENTRY ELEMENTS (KOHA)
Source of classification or shelving scheme Dewey Decimal Classification
Koha item type Books
Holdings
Withdrawn status Lost status Source of classification or shelving scheme Damaged status Not for loan Collection code Home library Current library Shelving location Date acquired Vendor Name SGTU Total Checkouts Full call number Accession No. (Barcode) Date last seen Bill Date Koha item type
    Dewey Decimal Classification     MEDICAL SGT Medical Library SGT Medical Library Reference Book 29/01/2018 ABC SGTU   616.833 P02F FM9665 29/01/2018 29/01/2018 Books